000 00507nam a22001577a 4500
005 20251108165039.0
008 250721s1985 xx 000 0 ara d
082 1 4 _a956.4/إبر
100 1 _aالمسلم، إبراهيم
245 1 0 _aلمحات عن القضية الفلسطينية و دور الملك عبد العزيز آل سعود /
264 1 _aالرياض :
_bدار الآصالة،
_c1985.
300 _a164ص
650 1 7 _aتاريخ فلسطين
942 _2ddc
_cBK
999 _c20811
_d20811